Statistics for Movies with Plants, Trees, Flowers or Fruit in the Title

Click here to take the quiz!

General Stats

  • This quiz has been taken 485 times
    (379 since last reset)
  • The average score is 10 of 20

Answer Stats

DateMovie% Correct
1984A Nightmare on {Elm} Street
95%
1971A Clockwork {Orange}
88%
1989Driving Miss {Daisy}
84%
1989Steel {Magnolias}
79%
1985The Purple {Rose} of Cairo
76%
200450 First {Dates}
72%
1978The Buddy {Holly} Story
72%
2011The Best Exotic {Marigold} Hotel
62%
2012The Perks of being a {Wallflower}
61%
1992Poisin {Ivy}
60%
1936The Trail of the Lonesome {Pine}
47%
2006The Black {Dahlia}
40%
1978Attack of the Killer {Tomatoes}
33%
1951The {Lavender} Hill Mob
29%
1941The {Strawberry} Blonde
29%
2012{Mulberry} Stains
19%
1962Twice round the {Daffodils}
9%
1979{Cactus} Jack
7%
1940{Primrose} Path
7%
2011{Bamboo} Shark
0%

Score Distribution

Percentile by Number Answered

Percent of People with Each Score

Your Score History

You have not taken this quiz since the last reset